Name these instruments - Statistics

General Stats
  • This quiz has been taken 34 times
  • The average score is 14 of 16
Answer Stats
Picture Answer % Correct
Clarinet
97%
Guitar
97%
Piano
97%
Violin
97%
Bagpipe
94%
Cello
94%
Flute
94%
Trombone
94%
Bell
91%
Harp
91%
Saxophone
91%
Accordion
82%
Harmonica
82%
Xylophone
79%
Ukelele
56%
Djembe
29%
No matching quizzes found
Score Distribution
Percent of People with Each Score
Percentile by Number Answered
Your Score History
You have not taken this quiz